000 00756nam a2200241 a 4500
999 _c1569
_d1569
001 1569
003 BD-JhCC
005 20190912134017.0
008 171021s2011 bg |||| ||a| 000 0 ben d
020 _a9848670181
035 _a(BD-JhCC)1569
040 _aBD-JhCC
_dBD-JhCC
041 _aben
082 _a709.5492
_bMRA 2011
100 _a মরোয়া, আঁদ্রেয়া
245 _aজীবনযাপনের শিল্পকলা /
_cআঁদ্রেয়া মরোয়া
260 _aঢাকা :
_bএকুশে বইমেলা,
_c২০০৫.
300 _a176 p. :
_c21 cm.
650 _aAritsts - Bangladesh
700 _aচৌধুরী, কবীর
942 _2ddc
_cBK
_01